000 01008nam2a22002651 4500
001 v19\rc\1463429
005 20250618144301.0
035 _a(NLR Aleph) 004600812
090 _a2783217
_c2783217
100 _a20060620d1909 |||y0rusy50 ca
101 0 _arus
102 _aRU
105 _ay z |||||
200 0 _aза 1908 год
210 _d1909
_aБ. м.
215 _a[4], X, 246 с.
461 0 _1001v19\rc\1463397
_12001#$aОтчет Управы...$fКременчуг. земство Полтав. губ.$vза 1908 год
_92782804
_aКременчугская уездная земская управа
_cКременчуг
_d1875-1916
_fКременчуг. земство Полтав. губ.
_tОтчет Управы...
_vза 1908 год
801 0 _aRU
_bNLR
_gpsbo
801 0 _aRU
_bRuMoRGB
_2psbo
801 1 _aRU
_bProSoft-M
_2rusmarc
852 _aNLR
_bЗем
_j31-7/О1
899 _aRuMoRGB (1883-1915*)
_jJ 92/408
899 _aRuMoRGB (1883-1915*)
_jJ 92/410
942 _cBOOK
980 _aNB